<?xml version="1.0" encoding="UTF-8"?>
<collection xmlns:xsi="http://www.w3.org/2001/XMLSchema-instance" xsi:schemaLocation="http://www.loc.gov/MARC21/slim http://www.loc.gov/standards/marcxml/schema/MARC21slim.xsd" xmlns="http://www.loc.gov/MARC21/slim">
 <record>
  <leader>00000cam a22000004i 4500</leader>
  <controlfield tag="001">UP-99796217612018866</controlfield>
  <controlfield tag="003">Buklod</controlfield>
  <controlfield tag="005">20160420095729.0</controlfield>
  <controlfield tag="006">a     r    |||| u|</controlfield>
  <controlfield tag="007">ta</controlfield>
  <controlfield tag="008">160420s2015    xx     d     r    |||| u|</controlfield>
  <datafield tag="020" ind1=" " ind2=" ">
   <subfield code="a">9781118128350 (paperback)</subfield>
  </datafield>
  <datafield tag="035" ind1=" " ind2=" ">
   <subfield code="a">(iLib)UPD-00254214884</subfield>
  </datafield>
  <datafield tag="040" ind1=" " ind2=" ">
   <subfield code="a">DLC</subfield>
   <subfield code="d">DEDUC</subfield>
   <subfield code="e">rda</subfield>
  </datafield>
  <datafield tag="041" ind1="0" ind2=" ">
   <subfield code="a">eng</subfield>
  </datafield>
  <datafield tag="042" ind1=" " ind2=" ">
   <subfield code="a">DMLUC</subfield>
  </datafield>
  <datafield tag="090" ind1=" " ind2=" ">
   <subfield code="a">RJ 504</subfield>
   <subfield code="b">L43 2015</subfield>
  </datafield>
  <datafield tag="245" ind1="0" ind2="0">
   <subfield code="a">Case studies in child, adolescent, and family treatment</subfield>
   <subfield code="c">Craig Winston LeCroy and Elizabeth K. Anthony, editors.</subfield>
  </datafield>
  <datafield tag="250" ind1=" " ind2=" ">
   <subfield code="a">Second edition.</subfield>
  </datafield>
  <datafield tag="264" ind1=" " ind2="1">
   <subfield code="a">Hoboken, New Jersey</subfield>
   <subfield code="b">Wiley</subfield>
   <subfield code="c">[2015]</subfield>
  </datafield>
  <datafield tag="300" ind1=" " ind2=" ">
   <subfield code="a">xxviii, 387 pages</subfield>
   <subfield code="c">24 cm</subfield>
  </datafield>
  <datafield tag="336" ind1=" " ind2=" ">
   <subfield code="a">text</subfield>
   <subfield code="2">rdacontent</subfield>
  </datafield>
  <datafield tag="337" ind1=" " ind2=" ">
   <subfield code="a">unmediated</subfield>
   <subfield code="2">rdamedia</subfield>
  </datafield>
  <datafield tag="338" ind1=" " ind2=" ">
   <subfield code="a">volume</subfield>
   <subfield code="2">rdacarrier</subfield>
  </datafield>
  <datafield tag="500" ind1=" " ind2=" ">
   <subfield code="a">Revised edition of: LeCroy, Craig W. Case studies in child, adolescent, and family treatment. 2005.</subfield>
  </datafield>
  <datafield tag="504" ind1=" " ind2=" ">
   <subfield code="a">Includes bibliographical references and indexes.</subfield>
  </datafield>
  <datafield tag="520" ind1=" " ind2=" ">
   <subfield code="a">&quot;A detailed look at how to apply clinical theories to social work practiceThinking through real-life cases to make connections between theory and practice is a crucial element of social work education. Now in its Second Edition, Case Studies in Child, Adolescent, and Family Treatment contains a wide range of cases described in rich detail by practitioners, scholars, and researchers. Chapters represent contexts and approaches across the social work spectrum, so students will get to glimpse into the clinical experience of a full range of professionals.With chapter overviews, case sketches, study questions, and references for further study, this book makes an invaluable reference for social work students. Learning by example is the best way to develop the skill of clinical reasoning. Editors Craig W. LeCroy and Elizabeth K. Anthony--two distinguished scholars in the field of social work--have brought together an impressive roster of contributors who add their unique voices and clinical perspectives into their insightful case descriptions. Organized into five thematic sections, Case Studies in Child, Adolescent, and Family Treatment, Second Edition covers the most important areas in social work practice, including:  Child welfare and adoption  Individual and group treatment  School and community settings  Family treatment and parent training  With the updates in the Second Edition, students will learn the most current lessons in social work practice from a diverse range of scholars, researchers, and practitioners in the field. In contexts ranging from child welfare to homelessness, this book provides the critical thinking skills students need to understand how social work theory applies in clinical environments&quot;--Provided by publisher.</subfield>
  </datafield>
  <datafield tag="520" ind1=" " ind2=" ">
   <subfield code="a">&quot;Examines how to apply clinical theories to social work practice. Contains a wide range of cases described in rich detail by practitioners, scholars, and researchers. Chapters represent contexts and approaches across the social work spectrum, so students will get to glimpse into the clinical experience of a full range of professionals. Covers the most important areas in social work practice, including: child welfare and adoption, individual and group treatment, school and community settings, family treatment and parent training&quot;--Provided by publisher.</subfield>
  </datafield>
  <datafield tag="650" ind1=" " ind2="0">
   <subfield code="a">Child psychotherapy</subfield>
   <subfield code="v">Case studies.</subfield>
  </datafield>
  <datafield tag="650" ind1=" " ind2="0">
   <subfield code="a">Adolescent psychotherapy</subfield>
   <subfield code="v">Case studies.</subfield>
  </datafield>
  <datafield tag="650" ind1=" " ind2="0">
   <subfield code="a">Family psychotherapy</subfield>
   <subfield code="v">Case studies.</subfield>
  </datafield>
  <datafield tag="700" ind1="1" ind2=" ">
   <subfield code="a">LeCroy, Craig W.</subfield>
   <subfield code="e">editor.</subfield>
  </datafield>
  <datafield tag="700" ind1="1" ind2=" ">
   <subfield code="a">Anthony, Elizabeth K.</subfield>
   <subfield code="e">editor.</subfield>
  </datafield>
  <datafield tag="776" ind1="0" ind2="8">
   <subfield code="i">Online version</subfield>
   <subfield code="a">LeCroy, Craig W.</subfield>
   <subfield code="t">Case studies in child, adolescent, and family treatment</subfield>
   <subfield code="b">Second edition.</subfield>
   <subfield code="d">Hoboken, New Jersey : John Wiley &amp; Sons, Inc., [2015]</subfield>
   <subfield code="z">9781118418970</subfield>
   <subfield code="w">(DLC) 2014017787.</subfield>
  </datafield>
  <datafield tag="905" ind1=" " ind2=" ">
   <subfield code="a">FO</subfield>
  </datafield>
  <datafield tag="852" ind1="0" ind2=" ">
   <subfield code="a">UPD</subfield>
   <subfield code="b">DEDUC</subfield>
   <subfield code="h">RJ 504 L43 2015</subfield>
  </datafield>
  <datafield tag="942" ind1=" " ind2=" ">
   <subfield code="a">Book</subfield>
  </datafield>
 </record>
</collection>
